Szczegóły MARC21

Medycyna szkolna /

003 -Nazwa inst., której nr kontr. jest w polu 001 [,]
    • @
    • Nazwa instytucji, której n kontrolny jest w polu 001
    • NUKAT
005 -DATA I CZAS OSTATNIEJ MODYFIKACJI [,]
    • @
    • pole kontrolne
    • 20241231093452.0
020 -Międzynarod. znormalizowany nr książki - ISBN [ , ]
    • a
    • Numer ISBN
    • 8320011213 Find
040 -Instytucja sporządzająca opis [ , ]
    • a
    • Instytucja, która sporządziła opis (NP)
    • OLSZT 003/BT
    • c
    • Instytucja, która sporządziła rekord (NP)
    • OLSZT 003/BT
    • d
    • Instytucja, która zmodyfikowała rekord (P)
    • OLSZT 003/BT
    • d
    • Instytucja, która zmodyfikowała rekord (P)
    • OLSZT 003/bak
    • d
    • Instytucja, która zmodyfikowała rekord (P)
    • WR 56/ms
    • d
    • Instytucja, która zmodyfikowała rekord (P)
    • KR U/42JCs
942 -Rodzaj dokumentu [ , ]
    • c
    • Rodzaj dokumentu
    • Książka
100 -Hasło główne - nazwa osobowa [1, ]
    • a
    • Nazwa osobowa (NP)
    • Radiukiewicz, Sławomir Bohdan.
    • 9
    • KHW
    • 453667
245 -Strefa tytułu i oznaczenia odpowiedzialności [1,0]
    • a
    • Tytuł
    • Medycyna szkolna / Find
    • c
    • Pozostałe elementy strefy tytułu i oznaczenia odpowiedzialności (NP)
    • Sławomir Bohdan Radiukiewicz.
250 -Strefa wydania [ , ]
    • a
    • Oznaczenie wydania (NP)
    • Wyd. 4 unowocześnione.
260 -Strefa adresu wydawniczego [ , ]
    • a
    • Miejsce wydania (P)
    • Warszawa :
    • b
    • Nazwa wydawcy (P)
    • Państwowy Zakład Wydawnictw Lekarskich,
    • c
    • Data wydania (P)
    • 1987.
300 -Strefa opisu fizycznego [ , ]
    • a
    • Określenie formy książki i/lub objętość (NP)
    • 270, [1] s. ;
    • c
    • Format (NP)
    • 24 cm.
336 -Typ zawartości [ , ]
    • a
    • Termin opisujący typ zawartości
    • Tekst
    • b
    • Kod określający zawartość
    • txt
    • 2
    • Źródło (terminu i kodu)
    • rdacontent
337 -Typ mediów [ , ]
    • a
    • Tryb odtwarzania
    • Bez urządzenia pośredniczącego
    • b
    • Kod typu mediów
    • n
    • 2
    • Źródło (terminu i kodu)
    • rdamedia
338 -Typ/rodzaj nośnika [ , ]
    • a
    • Hasło opisujące typ nośnika
    • Wolumin
    • b
    • Kod typu nośnika
    • nc
    • 2
    • Źródło (terminu i kodu)
    • rdacarrier
504 -Uwaga dot. bibliogr. załącznikowej [ , ]
    • a
    • Uwaga dot. bibliografii załącznikowej
    • Bibliogr. s. 248-253. Indeksy.
080 -Uniwersalna Klasyfikacja Dziesiętna [ , ]
    • 2
    • Identyfikator wydania tablic
    • UDC-P058
    • a
    • Symbol klasyfikacji
    • 61
    • b
    • Dopowiedzenie
    • Medycyna.
    • x
    • Poddział wspólny
    • (07)
    • b
    • Dopowiedzenie
    • (Wydawnictwa dydaktyczne. Podręczniki).
650 -Hasło przedmiotowe [ ,7]
    • a
    • Hasło przedmiotowe
    • Medycyna szkolna
    • v
    • Określnik formalny
    • podręczniki.
    • 2
    • Źródło terminu
    • kaba
    • 9
    • KHW
    • 588410
980 -Symbol UKD [ , ]
    • a
    • UKD
    • 61(07)
710 -Hasło dodatkowe - nazwa ciała zbiorowego [2, ]
    • a
    • Nazwa ciała zbiorowego lub nazwa geograficzna jako pierwszy element (NP)
    • Państwowy Zakład Wydawnictw Lekarskich.
    • 4
    • Kod relacji
    • pbl
    • 9
    • KHW
    • 54960
920 -ISBN [ , ]
    • a
    • ISBN
    • 83-200-1121-3 Find
Data inwentaryzacji Status udost. Uwagi nie widoczne w OPAC Lokalizacja Sygnatura Numer inwentarzowy
-3retrokonwersjaBGW.142685W.142685
-3retrokonwersjaBGW.142685W.142686
-3retrokonwersjaBGW.142685W.142687
2retrokonwersjaBGZ.67025Z.67025
1retrokonwersjaBGZ.67026Z.67026
 1retrokonwersjaBMHigiena 01WF.2486
 -3retrokonwersjaBM WF.2485
 1 BNS Pd.2513